| 000 | 00347nam a22001457a 4500 | ||
|---|---|---|---|
| 020 | _a0631217762 | ||
| 082 | _a382RIC | ||
| 100 | _aRICKS,D.A | ||
| 245 | _aBLUNDERS IN INTERNATIONAL BUSINESS | ||
| 250 | _a3RD ED. | ||
| 260 |
_aBRITAIN _bBLACKWELL PUBLISHER INC. _c1999 |
||
| 300 |
_aIX,172p _bill;20cm |
||
| 500 | _aincluding index | ||
| 942 | _cBK | ||
| 999 |
_c20497 _d20497 |
||